Responses for Show #2525 - Friday, July 21, 1995

1995-A Seniors Tournament final game 2.
Last game of Season 11.

Contestants

[<< previous game]

Elliot Shteir, an attorney from Somerville, New Jersey (subtotal of $4,400)

Susan Schubert, a retired teacher from Phoenix, Arizona (subtotal of $3,200)

Aaron Klein, a religious school director from Des Plaines, Illinois (subtotal of $6,400)

[next game >>]

Jeopardy! Round responses

DOGS
MGM MUSICALS
FIRST LADIES
MEDICINE
STATE CAPITALS
5-LETTER WORDS
    $100 11
Chihuahua

Elliot
    $100 1
That's Entertainment

Aaron
    $100 26
Jackie Kennedy

Aaron
    $100 16
the heart

Susan
    $100 6
Honolulu

Susan
    $100 21
an atlas

Susan
    $200 12
the terrier

Elliot
    $200 2
The Wizard of Oz

Aaron
    $200 27
Bess Truman

Aaron
    $200 17
smoking

Elliot
    $200 7
Denver

Susan
    $200 22
a deuce

Aaron
    $300 13
the collie

Triple Stumper
    $300 3
Singin' in the Rain

Aaron
    $300 28
Mamie Eisenhower

Elliot
    $300 18
(Aaron: What is lymphoma?)

leukemia

AaronSusan
    $300 8
Annapolis

Aaron
    $300 23
a stole

Elliot
    $400 14
a cocker spaniel

Aaron
    $400 4
Frank Sinatra

Aaron
    $400 29
Eleanor Roosevelt

Aaron
    $400 19
a tracheotomy

Aaron
    $400 9
Montpelier

Aaron
    $400 24
steep

Elliot
    $500 15
the shar-pei

Susan
    $500 5
the Varsity Drag

Triple Stumper
    $1,000 30
(Alex: Lou Henry Hoover. That is right.)

Mrs. Hoover

Aaron
    $500 20
Salmonella

Aaron
    $500 10
Harrisburg (Pennsylvania)

Aaron
    $500 25
honor

Triple Stumper

Scores at the first commercial break (after clue 15):

Aaron Susan Elliot
$2,600 $800 $300

Scores at the end of the Jeopardy! Round:

Aaron Susan Elliot
$5,100 $1,300 $1,500

Double Jeopardy! Round responses

1800
FRUITS & VEGETABLES
U.S. OLYMPIC HALL OF FAME
WORLD FACTS
LITERATURE
FILE UNDER "AE"
(Alex: Each correct response will begin with those two letters of the alphabet, in that order, A-E.)
    $200 15
Philadelphia

Aaron
    $200 1
corn

Susan
    $200 16
(Elliot: Who is, then, [*]?)
(Alex: That's right. [*] now.)

Cassius Clay (Muhammad Ali)

Elliot
    $200 5
Australia

Susan
    $200 22
Merlin

Susan
    $200 3
aerospace

Aaron
    $400 17
register

Aaron
    $400 2
banana

Aaron
    $400 18
Mary Lou Retton

Aaron
    $400 8
the Ming dynasty

Aaron
    $400 23
Dr. Zhivago

Aaron
    $400 4
the Aegean

Elliot
    $600 27
Sweden

Aaron
    $600 6
peppers

Susan
    $600 19
the hockey team

Aaron
    $1,500 11
(Elliot: What is the Arabian Sea?)
...
(Alex: Just above Lebanon.)

the Mediterranean

Elliot
    $600 24
(Susan: Who is [*]?)

Prometheus Unbound

Susan
    $600 9
aesthetics

Susan
    $800 28
(Susan: What is Scotland?)

Ireland

Susan
Triple Stumper
    $800 7
sprouts

Elliot
    $800 20
(Susan: Who is Dorothy Hamill?)

Peggy Fleming

AaronSusan
    $800 12
Madagascar

Susan
    $800 25
(James) Dickey

Aaron
    $800 10
(Susan: What is the Aeneid?)
...
(Alex: It referred to the man, not the work.)

Aeneas

SusanElliot
    $1000 29
Volta

Elliot
    $1000 30
the grape

Susan
    $1,500 21
Mark Spitz

Aaron
    $1000 13
Calcutta

Elliot
    $1000 26
George Eliot

Elliot
    $1000 14
the Aeolian (harp)

Elliot

Scores at the end of the Double Jeopardy! Round:

Aaron Susan Elliot
$11,800 $3,100 $6,200
(lock tournament)

[wagering suggestions for these scores]

Final Jeopardy! Round responses

EDUCATORS
SusanWho was Montessori?
$3,100
ElliotWho is Carson?
$1,199
AaronWho was Montessori
$3,001
Maria Montessori

Final scores:

Aaron Susan Elliot
$14,801 $6,200 $5,001

Cumulative scores:

Aaron Susan Elliot
$21,201 $9,400 $9,401
Tournament champion: $25,000 2nd runner-up: $9,400 1st runner-up: $10,000

Game dynamics:

Coryat scores:

Aaron Susan Elliot
$10,800 $3,100 $7,700
27 R
(including 2 DDs),
1 W
14 R,
3 W
14 R,
1 W
(including 1 DD)

Combined Coryat: $21,600

[game clues] [game scores] [suggest correction]

Game tape date: 1995-02-28
The J! Archive is created by fans, for fans. Scraping, republication, monetization, and malicious use prohibited; this site may use cookies and collect identifying information. See terms. The Jeopardy! game show and all elements thereof, including but not limited to copyright and trademark thereto, are the property of Jeopardy Productions, Inc. and are protected under law. This website is not affiliated with, sponsored by, or operated by Jeopardy Productions, Inc. Join the discussion at JBoard.tv.